000 00994nam a2200349 a 4500
003 AR-BaBNM
005 20251128203902.0
008 082120s2002 ||||||||||||||000 | spa||
040 _cAR-BaBNM
100 1 _aGrenier, Alberto
245 0 0 _aEl genio romano en la religión, en el pensamiento y en el arte
260 _aBarcelona
_bCervantes
_c1927
300 _a534 p.
_bil., láms., mapas
490 0 _aSíntesis colectiva
_vv. 17
500 _aIndice de autores y materias p. 521-529
504 _aContiene bibliografía p. 513-520
650 4 _aCIVILIZACIONES ANTIGUAS
650 4 _aGUERRA
650 4 _aSOCIEDAD
650 4 _aECONOMIA
650 4 _aIMPERIALISMO
650 4 _aCIENCIAS POLITICAS
650 4 _aHISTORIA EUROPEA
650 4 _aCULTURAS EUROPEAS
651 4 _aItalia
651 4 _aGrecia
700 1 _aBerr, Henri
_eprologuista
700 1 _aDeleito y Piñuela, José
_etraductor
800 1 _aBerr, Henri
_edirector
942 _cBK
998 _cmariana
999 _c5335
_d5335